Word Ladder: Project Runway Quiz Stats

 Plays Quiz Updated Aug 29, 2014

Support Sporcle.
Go Orange.
Score 0/33 Timer 04:00
1 Play Today
Hint 4-Letter Word % Correct
Show affection with lipsKISS
95.1%
Lacking lightDARK
94.8%
Not hit your targetMISS
94.8%
Relative of a nerd or geekDORK
90.3%
Not badGOOD
89.1%
Wet and mustyDANK
89.1%
Push someone under the waterDUNK
88.9%
Voice amplifier, for shortMIKE
87.4%
Had on a dressWORE
86.8%
Brand with a swooshNIKE
86.7%
Start of Tim's catchphrase ''___ it ___.''MAKE
86.5%
End of Tim's catchphrase ''___ it ___.''WORK
85.4%
Co-host and judge - Heidi ____KLUM
84.9%
Describing something I ownMINE
84%
Mindy's favorite alienMORK
83.6%
Track left by a moving boatWAKE
83.5%
A sellable productWARE
81.9%
Hint 4-Letter Word % Correct
Egg onGOAD
81.3%
HappyGLAD
81.3%
Theatrical visual theme: ___ en scèneMISE
81.3%
Broodingly moroseGLUM
79.5%
Crud or goopGUNK
77.6%
Extravagantly showyGLAM
77%
Saved by a stitch in timeNINE
72.7%
Co-host and mentor - Tim ____GUNN
67%
Designer and judge - Michael ___KORS
63.7%
Cocktails with crème de cassisKIRS
62.9%
Actor Michael who play Star Trek's WorfDORN
60.5%
Judge - ____ GarciaNINA
60.3%
Most frequented fabric storeMOOD
59.8%
'Freak on a Leash' bandKOЯN
57%
Harker of 'Dracula'MINA
57%
Foolish or contemptible personMOOK
55.9%

Today's Daily Dose

You're not logged in!

Compare scores with friends on all Sporcle quizzes.
OR
Log In

From the Vault

TV Shows with Musical Episode

by CalibanBrona

Musical episodes are nothing but trebel.
Remove Ads.
Support Sporcle.
Get the best of Sporcle when you Go Orange. This ad-free experience offers more features, more stats, and more fun while also helping to support Sporcle. Thank you for becoming a member.

Show Comments

Extras

Top Quizzes Today


Score Distribution

Your Account Isn't Verified!

In order to create a playlist on Sporcle, you need to verify the email address you used during registration. Go to your Sporcle Settings to finish the process.

Report this User

Report this user for behavior that violates our Community Guidelines.

Details: